| 000 -LEADER |
| fixed length control field |
00454nam a22001457a 4500 |
| 008 - FIXED-LENGTH DATA ELEMENTS--GENERAL INFORMATION |
| fixed length control field |
150526b xxu||||| |||| 00| 0 eng d |
| 080 ## - UNIVERSAL DECIMAL CLASSIFICATION NUMBER |
| Edition identifier |
343.983 |
| 082 00 - DEWEY DECIMAL CLASSIFICATION NUMBER |
| Edition number |
343.983 |
| 100 ## - Rafti |
| Rafti |
Hinkle, Deborah |
| 245 ## - TITLE STATEMENT |
| Title |
Microsoft Office Word 2007 : |
| Statement of responsibility, etc |
Deborah Hinkle. |
| 260 ## - |
| -- |
Boston : |
| -- |
McGraw-Hill, |
| -- |
c2008. |
| 300 ## - |
| -- |
847 f. |
| -- |
me il.; |
| -- |
28 cm |
| 856 41 - |
| -- |
http://www.loc.gov/catdir/toc/ecip0714/2007012662.html |
| 942 ## - ADDED ENTRY ELEMENTS (KOHA) |
| Source of classification or shelving scheme |
|
| Item type |
Books |